000 00354 a2200157 4500
001 75147
020 _a9788576711681
040 _cAnchieta - Colégio São Paulo
100 _aFernandes, Thiago
240 1 0 _aA colônia do medo
_lpor
245 1 0 _aA colônia do medo
300 _a104
362 0 _a2013
650 4 _aLiteratura juvenil
942 _cBK
999 _c75147
_d75147